Manual de terapéutica : (Registro nro. 30133)

Detalles MARC
000 -LEADER
fixed length control field 02095nam a2200349Ia 4500
003 - CONTROL NUMBER IDENTIFIER
control field CO-CtgCURN
005 - DATE AND TIME OF LATEST TRANSACTION
control field 20251113182731.0
008 - FIXED-LENGTH DATA ELEMENTS--GENERAL INFORMATION
fixed length control field 190725s2016 xx f 000 0 und d
020 ## - INTERNATIONAL STANDARD BOOK NUMBER
International Standard Book Number 9789588843513
040 ## - CATALOGING SOURCE
Original cataloging agency CO-CtgCURN
Language of cataloging spa
Transcribing agency coctgcurn
082 ## - DEWEY DECIMAL CLASSIFICATION NUMBER
Classification number 615.5
Item number G643
100 ## - MAIN ENTRY--PERSONAL NAME
Personal name Arango Villa, Álvaro Ignacio
9 (RLIN) 3214
Relator term autor
245 #0 - TITLE STATEMENT
Title Manual de terapéutica :
Remainder of title 2016-2017 /
Statement of responsibility, etc. Álvaro Ignacio Arango Villa; Marco Antonio González Agudelo; William Dario Lopera Lotero
250 ## - EDITION STATEMENT
Edition statement 17 edición
260 ## - PUBLICATION, DISTRIBUTION, ETC.
Place of publication, distribution, etc. Medellín, Antioquia :
Name of publisher, distributor, etc. Corporación para Investigaciones Biológicas,
Date of publication, distribution, etc. 2016
300 ## - PHYSICAL DESCRIPTION
Extent 841 páginas :
Other physical details tablas ;
Dimensions 17 centímetros
490 ## - SERIES STATEMENT
Series statement Fundamentos de Medicina
500 ## - GENERAL NOTE
General note Incluye índice
504 ## - BIBLIOGRAPHY, ETC. NOTE
Bibliography, etc. note Incluye referencias bibliográficas
505 ## - FORMATTED CONTENTS NOTE
Formatted contents note Cap. 1. Analgesicos -- Cap. 2. Anestesia: guia basica -- Cap. 3. Antídotos -- Cap. 4. Antibacterianos -- Cap. 5. Antimicóticos -- Cap. 6. Antiparasitarios -- Cap. 7. Agentes antivirales -- Cap. 8. Cardiología -- Cap. 9. Dermatología -- Cap. 10. Tratamiento de las dislipidemias -- Cap. 11. Endocrinología -- Cap. 12. Gastroenterología -- Cap. 13. Ginecología -- Cap. 14. Hematología -- Cap. 15. Hidratación -- Cap. 16. Inmunizaciones del niño -- Cap. 17. Inmunizaciones del adulto -- Cap. 18. Neumología -- Cap. 19. Neurología -- Cap. 20. Nutrición -- Cap. 21. Obstetricia -- Cap. 22. Oftalmología -- Cap. 23. Oncología -- Cap. 24. Psiquiatría -- Cap. 25. Urología -- Cap. 26. Vitaminas
521 ## - TARGET AUDIENCE NOTE
Target audience note AREA PROFESIONAL
590 ## - LOCAL NOTE (RLIN)
Local note Programa de Enfermería_27
650 ## - SUBJECT ADDED ENTRY--TOPICAL TERM
Topical term or geographic name entry element Medicina preventiva
Form subdivision Manuales
9 (RLIN) 3215
650 ## - SUBJECT ADDED ENTRY--TOPICAL TERM
Topical term or geographic name entry element Terapéutica
Form subdivision Manuales
9 (RLIN) 3216
700 ## - ADDED ENTRY--PERSONAL NAME
Personal name González Agudelo, Marco Antonio
9 (RLIN) 3217
Relator term autor
700 ## - ADDED ENTRY--PERSONAL NAME
Personal name Lopera Lotero, William Dario
9 (RLIN) 3218
Relator term autor
942 ## - ADDED ENTRY ELEMENTS (KOHA)
Koha item type Libros
Classification part 615.5
Item part G643
Koha issues (borrowed), all copies 1
Source of classification or shelving scheme Dewey Decimal Classification
Suppress in OPAC No
Existencias
Withdrawn status Lost status Source of classification or shelving scheme Damaged status Not for loan Collection Home library Current library Shelving location Date acquired Source of acquisition Inventory number Total checkouts Full call number Barcode Date last seen Copy number Price effective from Koha item type Public note Date last checked out
    Dewey Decimal Classification       Miguel Henríquez Castañeda Barranquilla Miguel Henríquez Castañeda Barranquilla General 05/23/2018 Compra OC-05-055-17 04398   615.5 G643 04398 07/25/2019 ej.1 07/25/2019 Libros Compra OC-05-055-17 IP 2017  
    Dewey Decimal Classification       Miguel Henríquez Castañeda Barranquilla Miguel Henríquez Castañeda Barranquilla General 05/23/2018 Compra OC-05-055-17 04399   615.5 G643 04399 07/25/2019 ej.2 07/25/2019 Libros Compra OC-05-055-17 IP 2017  
    Dewey Decimal Classification       Miguel Henríquez Castañeda Barranquilla Miguel Henríquez Castañeda Barranquilla General 05/23/2018 Compra OC-05-057-17 04400 1 615.5 G643 04400 09/05/2019 ej.3 07/25/2019 Libros Compra OC-05-057-17 IP 2017 09/05/2019
    Dewey Decimal Classification       Miguel Henríquez Castañeda Barranquilla Miguel Henríquez Castañeda Barranquilla General 05/23/2018 Compra OC-05-057-17 04401   615.5 G643 04401 07/25/2019 ej.4 07/25/2019 Libros Compra OC-05-057-17 IP 2017